Smallest 10 Countries - Sudden Death - Statistics

General Stats
  • This quiz has been taken 198 times
  • The average score is 3 of 10
Answers on the Grid
Answers color-coded by a green-red scale on the quiz's grid according to % correct below.
Russia
Singapore
Vatican City
Sealand
Qatar
Bahrain
Andorra
Marshall Islands
Oman
San Marino
Somalia
Luxembourg
Cyprus
Monaco
Malta
Maldives
Fiji
Liechtenstein
Jamaica
Bahamas
Nauru
Seychelles
Antigua and Barbuda
Tuvalu
 
Answer Stats
Answer % Correct
Vatican City
88%
San Marino
39%
Nauru
35%
Monaco
32%
Tuvalu
29%
Liechtenstein
24%
Marshall Islands
15%
Malta
14%
Sealand
10%
Maldives
9%
No matching quizzes found
Score Distribution
Percent of People with Each Score
Percentile by Number Answered
Your Score History
You have not taken this quiz